000
00337nam a2200133Ia 4500
008
240624s9999 xx 000 0 und d
041
_a
eng
082
_a
651.7 VAS
100
_a
VASSALLO PHILIP
245
_a
HOW TO WRITE FAST UNDER PRESSURE
260
_c
2010
_a
New York
_b
AMACOM
300
_a
xi, : 195 : p. : cm. ; 23
365
_c
_b
28
999
_c
22044
_d
22044